| 000 | 00804nam a22002537a 4500 | ||
|---|---|---|---|
| 005 | 20220719144817.0 | ||
| 008 | 220719b ||||| |||| 00| 0 eng d | ||
| 040 | _cAL | ||
| 041 | _aEnglish | ||
| 082 |
_223 _a150.1 _bAGAM |
||
| 100 |
_aNarendra Agarwal _951286 |
||
| 245 |
_aMita: Lifestyle Agenda _bSteps for Individual and Collective Success |
||
| 260 |
_aNew Delhi _bAasra Publications _c2007 |
||
| 300 |
_a341 p. _bHB _c22x14.5 cm. |
||
| 365 |
_b₹250.00 _c₹ _d₹250.00 |
||
| 650 |
_aSocio-Econo and Religio-Political Guidelines _951287 |
||
| 650 |
_aLife Style _951288 |
||
| 650 |
_aPray Play and Prty _951289 |
||
| 650 |
_aPray in Private _951290 |
||
| 650 |
_aPlay with Player _951291 |
||
| 650 |
_aParty with Partners _951292 |
||
| 700 |
_aAGARWAL (Narendra) _951293 |
||
| 942 |
_2ddc _cGF |
||
| 999 |
_c223982 _d223982 |
||